Condados de California - Estadísticas

Estadísticas generales
  • Esta prueba ha sido intentada 92 veces
  • La puntuación promedio es 17 de 58
Respuestas en el mapa
Las respuestas están codificadas por una escala verde-roja en el mapa de la prueba según el % correcto abajo.
 
Estadísticas de respuestas
Condado % Correcto
Los Angeles
95%
San Francisco
88%
San Diego
87%
Sacramento
78%
San Bernardino
58%
Fresno
55%
Santa Barbara
50%
Orange
45%
Riverside
35%
Monterey
32%
Santa Cruz
32%
Santa Clara
30%
Napa
28%
Imperial
27%
El Dorado
25%
Marin
25%
Mariposa
25%
Nevada
25%
Ventura
25%
Contra Costa
23%
Del Norte
23%
Lake
23%
San Joaquin
23%
San Luis Obispo
23%
San Mateo
23%
Sierra
23%
Alameda
22%
Humboldt
22%
Inyo
22%
Kern
22%
Mendocino
22%
Merced
22%
Mono
22%
Placer
22%
Shasta
22%
Sonoma
22%
Tuolumne
22%
Yolo
22%
Alpine
20%
Amador
20%
Butte
20%
Colusa
20%
Madera
20%
Modoc
20%
San Benito
20%
Siskiyou
20%
Stanislaus
20%
Tulare
20%
Calaveras
18%
Glenn
18%
Lassen
18%
Plumas
18%
Sutter
18%
Tehama
18%
Trinity
18%
Kings
17%
Solano
17%
Yuba
15%
No se encontraron pruebas coincidentes
Distribución de puntuación
Porcentaje de gente con cada puntuación
Porcentaje por número respondido
Historial de tus puntuaciones
No has intentado esta prueba.